[Event "Chigorin Memorial 25th"]
[Site "St Petersburg"]
[Date "2017.10.22"]
[Round "2"]
[White "Atakishiyev, Elmar"]
[Black "Biyachuev, Minkail"]
[Result "1-0"]
[WhiteElo "1969"]
[BlackElo "1475"]
[PlyCount "51"]
[EventDate "2017.10.21"]
[EventType "swiss"]
[EventRounds "9"]
[EventCountry "RUS"]
[SourceTitle "CBM 181 Extra"]
[Source "ChessBase"]
[SourceDate "2017.12.12"]
[SourceVersion "1"]
[SourceVersionDate "2017.12.12"]
[SourceQuality "1"]

1. e4 e5 2. Nf3 Nc6 3. Bc4 Nf6 4. d3 d5 5. exd5 Nxd5 6. 0-0 Be7 7. Re1 f6 8. a4 Bg4 9. c3 Bxf3 10. Qxf3 Nb6 11. Bb3 Na5 12. Ba2 Nxa4 13. Qg4 Nb6 14. Qxg7 Kd7 15. Qg4+ Ke8 16. d4 Nc6 17. Qh5+ Kd7 18. Qf5+ Ke8 19. Bh6 Qd6 20. Bg7 Rf8 21. Bxf8 Bxf8 22. Nd2 Qe7 23. Ne4 Nd7 24. Rad1 Rd8 25. Qh5+ Qf7 26. Qxf7# 1-0

[Event "St Petersburg Summer op"]
[Site "St Petersburg"]
[Date "2016.08.19"]
[Round "3"]
[White "Kuizhev, Adam"]
[Black "Biyachuev, Minkail"]
[Result "1-0"]
[WhiteElo "1700"]
[BlackElo "1400"]
[PlyCount "61"]
[EventDate "2016.08.17"]
[EventType "swiss"]
[EventRounds "9"]
[EventCountry "RUS"]
[SourceTitle "CBM 174 Extra"]
[Source "ChessBase"]
[SourceDate "2016.10.10"]
[SourceVersion "1"]
[SourceVersionDate "2016.10.10"]
[SourceQuality "1"]

1. e4 e5 2. Nf3 Nc6 3. Bb5 Nf6 4. 0-0 a6 5. Ba4 Nxe4 6. Re1 Nc5 7. Bxc6 dxc6 8. Nxe5 Be6 9. d4 Nd7 10. c4 Nf6 11. Bg5 Be7 12. Nc3 h6 13. Bxf6 gxf6 14. d5 cxd5 15. cxd5 Bf5 16. Nc4 Kf8 17. Qf3 Qc8 18. Qf4 Qd7 19. d6 Bxd6 20. Nxd6 cxd6 21. Nd5 Kg7 22. Re7 Qc8 23. Rc1 Re8 24. Rxc8 Rxe7 25. Nxe7 Bxc8 26. Nxc8 Kg8 27. Nxd6 Rd8 28. Qxf6 Rd7 29. h3 a5 30. Nf5 b5 31. Qg7# 1-0

[Event "Chigorin Memorial 23rd"]
[Site "St Petersburg"]
[Date "2015.10.06"]
[Round "4"]
[White "Biyachuev, Minkail"]
[Black "Lemeshev, Roman"]
[Result "0-1"]
[WhiteElo "1437"]
[BlackElo "1763"]
[PlyCount "88"]
[EventDate "2015.10.03"]
[EventType "swiss"]
[EventRounds "9"]
[EventCountry "RUS"]
[SourceTitle "CBM 168 Extra"]
[Source "ChessBase"]
[SourceDate "2015.10.29"]
[SourceVersion "1"]
[SourceVersionDate "2015.10.29"]
[SourceQuality "1"]

1. e4 e5 2. d4 exd4 3. Bc4 Nc6 4. Nf3 Nf6 5. Bg5 Be7 6. e5 Ng4 7. Bf4 Bb4+ 8. Nbd2 0-0 9. h3 Ngxe5 10. Nxe5 Nxe5 11. Be2 Ng6 12. Bg3 Qg5 13. a3 Ba5 14. b4 Bb6 15. Nf3 Qf6 16. 0-0 a6 17. h4 Nf4 18. Bxf4 Qxf4 19. g3 Qf6 20. Ng5 h6 21. Ne4 Qg6 22. Bf3 f5 23. h5 Qf7 24. Nd2 d5 25. Re1 Be6 26. Nb3 Qf6 27. Qd3 f4 28. g4 Qg5 29. Rxe6 c6 30. Nxd4 Qh4 31. Rae1 Rac8 32. Re7 Rb8 33. Qg6 Bxd4 34. R1e2 Qg3+ 35. Kf1 Qxf3 36. Qe6+ Kh8 37. Rd2 Bc3 38. Qg6 Rg8 39. Rd3 Qh1+ 40. Ke2 Qe1+ 41. Kf3 Qxe7 42. Rxc3 Rgf8 43. Qd3 Rbe8 44. Qd1 Qe4# 0-1

[Event "Chigorin Memorial 23rd"]
[Site "St Petersburg"]
[Date "2015.10.05"]
[Round "3"]
[White "Kochetkov, Victor N"]
[Black "Biyachuev, Minkail"]
[Result "1-0"]
[WhiteElo "1853"]
[BlackElo "1437"]
[PlyCount "81"]
[EventDate "2015.10.03"]
[EventType "swiss"]
[EventRounds "9"]
[EventCountry "RUS"]
[SourceTitle "CBM 168 Extra"]
[Source "ChessBase"]
[SourceDate "2015.10.29"]
[SourceVersion "1"]
[SourceVersionDate "2015.10.29"]
[SourceQuality "1"]

1. Nc3 e5 2. d4 exd4 3. Qxd4 Nc6 4. Qd1 Bb4 5. a3 Ba5 6. b4 Bb6 7. e3 Nf6 8. Nf3 d6 9. Bc4 0-0 10. Bb2 Bg4 11. h3 Bh5 12. Qd2 Bxf3 13. gxf3 Ne5 14. Be2 a5 15. b5 a4 16. f4 Ng6 17. 0-0-0 Bc5 18. f5 Nh4 19. Rhg1 Nxf5 20. Bd3 Ne7 21. Ne4 Ng6 22. Qc3 Qe7 23. Nxf6+ Qxf6 24. Qd2 Bxa3 25. c3 Bxb2+ 26. Kxb2 a3+ 27. Ka2 Qe6+ 28. Ka1 c5 29. f4 Nh4 30. Rg4 Nf5 31. e4 Ne7 32. Rdg1 g6 33. f5 Qf6 34. Ka2 d5 35. exd5 Nxd5 36. fxg6 Nxc3+ 37. Kb3 c4+ 38. Bxc4 h5 39. Qh6 Qg7 40. gxf7+ Rxf7 41. Qxg7# 1-0

[Event "Chigorin Memorial 22nd"]
[Site "St Petersburg"]
[Date "2014.10.25"]
[Round "8"]
[White "Khatenever, Feliks"]
[Black "Biyachuev, Minkail"]
[Result "1-0"]
[WhiteElo "1795"]
[BlackElo "1527"]
[PlyCount "113"]
[EventDate "2014.10.18"]
[EventType "swiss"]
[EventRounds "9"]
[EventCountry "RUS"]
[SourceTitle "EXT 2015"]
[Source "ChessBase"]
[SourceDate "2014.11.20"]
[SourceVersion "1"]
[SourceVersionDate "2014.11.20"]
[SourceQuality "1"]

1. d4 d5 2. Nf3 Nf6 3. g3 Nc6 4. Bg2 Bf5 5. c3 e6 6. Qb3 Na5 7. Qa4+ c6 8. b4 Nc4 9. 0-0 Be7 10. Nbd2 b5 11. Qd1 Nxd2 12. Bxd2 Ne4 13. a4 f6 14. Nh4 Nxd2 15. Qxd2 0-0 16. Nxf5 exf5 17. axb5 cxb5 18. Qa2 Rc8 19. Qxd5+ Qxd5 20. Bxd5+ Kh8 21. Rxa7 Bd8 22. Ra3 g5 23. Be6 Rc7 24. Bxf5 Re8 25. Bd3 Rb7 26. Ra8 Kg7 27. Rfa1 Kf8 28. R1a7 Rc7 29. Rxc7 Bxc7 30. Rxe8+ Kxe8 31. Bxh7 Kd7 32. Bd3 Kc6 33. h4 gxh4 34. gxh4 Bf4 35. e3 Bh6 36. Kg2 Bf8 37. Kf3 Bh6 38. Ke4 Bf8 39. Kf5 Be7 40. Ke6 Bd8 41. h5 f5 42. h6 f4 43. h7 fxe3 44. fxe3 Bc7 45. h8R Kb6 46. Rh5 Ka7 47. Rxb5 Bg3 48. Kd5 Be1 49. Rc5 Kb6 50. Rc6+ Kb7 51. b5 Bf2 52. Bf5 Bxe3 53. Bc8+ Kb8 54. Ba6 Bxd4 55. cxd4 Ka7 56. Kc5 Kb8 57. Kb6 1-0

[Event "Chigorin Memorial 22nd"]
[Site "St Petersburg"]
[Date "2014.10.18"]
[Round "1"]
[White "Sukhareva, Evgenia"]
[Black "Biyachuev, Minkail"]
[Result "1-0"]
[WhiteElo "2196"]
[BlackElo "1527"]
[PlyCount "67"]
[EventDate "2014.10.18"]
[EventType "swiss"]
[EventRounds "9"]
[EventCountry "RUS"]
[SourceTitle "EXT 2015"]
[Source "ChessBase"]
[SourceDate "2014.11.20"]
[SourceVersion "1"]
[SourceVersionDate "2014.11.20"]
[SourceQuality "1"]

1. d4 d5 2. Nf3 Nc6 3. Bf4 Bf5 4. e3 a6 5. a3 Nf6 6. c4 e6 7. c5 Nh5 8. Nc3 Nxf4 9. exf4 Be7 10. Be2 0-0 11. 0-0 Re8 12. b4 Bg4 13. Ne5 Bxe2 14. Nxe2 f6 15. Nf3 b6 16. cxb6 cxb6 17. Qd3 Bd6 18. g3 Ne7 19. Nc3 Rc8 20. Rfe1 Nf5 21. Nxd5 Nxg3 22. Nxf6+ Qxf6 23. hxg3 Qg6 24. Qxg6 hxg6 25. Rac1 a5 26. bxa5 Rxc1 27. Rxc1 bxa5 28. a4 Kf8 29. Rc6 Ke7 30. Ra6 Bb4 31. Ne5 Kf6 32. Kf1 Rd8 33. Ra7 Rxd4 34. Rf7# 1-0

[Event "Astrakhan op"]
[Site "Astrakhan"]
[Date "2013.08.17"]
[Round "4"]
[White "Kamaletdinov, Farit"]
[Black "Biyachuev, Minkail"]
[Result "1-0"]
[WhiteElo "1909"]
[BlackElo "1487"]
[PlyCount "67"]
[EventDate "2013.08.14"]
[EventType "swiss"]
[EventRounds "9"]
[EventCountry "RUS"]
[SourceTitle "CBM 156 Extra"]
[Source "ChessBase"]
[SourceDate "2013.10.22"]
[SourceVersion "1"]
[SourceVersionDate "2013.10.22"]
[SourceQuality "1"]

1. b4 Nf6 2. c4 e6 3. b5 b6 4. e3 Bb7 5. Nf3 Be7 6. Be2 0-0 7. 0-0 d5 8. d4 Nbd7 9. Bb2 h6 10. a4 Nh7 11. Nbd2 Bd6 12. Qc2 Ng5 13. a5 Nxf3+ 14. Bxf3 a6 15. axb6 cxb6 16. cxd5 axb5 17. dxe6 Bxf3 18. exf7+ Rxf7 19. Nxf3 Rxf3 20. Rxa8 Nb8 21. Raa1 Rf8 22. g3 Qf6 23. d5 Qf3 24. Ra7 Rf7 25. Rxf7 Kxf7 26. Qc3 Qg4 27. Qc8 Nd7 28. Bd4 Bc5 29. Ba1 Qf5 30. Qc6 Ne5 31. Bxe5 Qxe5 32. h4 b4 33. Kh2 Qb2 34. Qe6+ 1-0

[Event "Astrakhan op"]
[Site "Astrakhan"]
[Date "2013.08.15"]
[Round "2"]
[White "Biyachuev, Minkail"]
[Black "Mukhit, Aisezym"]
[Result "0-1"]
[WhiteElo "1487"]
[BlackElo "1912"]
[PlyCount "50"]
[EventDate "2013.08.14"]
[EventType "swiss"]
[EventRounds "9"]
[EventCountry "RUS"]
[SourceTitle "CBM 156 Extra"]
[Source "ChessBase"]
[SourceDate "2013.10.22"]
[SourceVersion "1"]
[SourceVersionDate "2013.10.22"]
[SourceQuality "1"]

1. e4 d6 2. Nf3 Nd7 3. d4 e5 4. Bc4 Be7 5. c3 Ngf6 6. Qc2 c6 7. Ng5 0-0 8. f4 Qb6 9. fxe5 dxe5 10. Be3 Ng4 11. Bd2 exd4 12. e5 Bxg5 13. Bxg5 Ndxe5 14. Nd2 d3 15. Bxd3 Nxd3+ 16. Qxd3 Re8+ 17. Ne4 Nf2 18. Qc2 Nxe4 19. 0-0-0 Nxg5 20. Rhe1 Bg4 21. Rxe8+ Rxe8 22. Rf1 Qe3+ 23. Kb1 Qe1+ 24. Qc1 Qxc1+ 25. Kxc1 Re2 0-1

[Event "Astrakhan op"]
[Site "Astrakhan"]
[Date "2013.08.14"]
[Round "1"]
[White "Kostitsina, Liubov"]
[Black "Biyachuev, Minkail"]
[Result "1-0"]
[WhiteElo "2033"]
[BlackElo "1487"]
[PlyCount "41"]
[EventDate "2013.08.14"]
[EventType "swiss"]
[EventRounds "9"]
[EventCountry "RUS"]
[SourceTitle "CBM 156 Extra"]
[Source "ChessBase"]
[SourceDate "2013.10.22"]
[SourceVersion "1"]
[SourceVersionDate "2013.10.22"]
[SourceQuality "1"]

1. e4 e5 2. Nf3 Nc6 3. Bb5 Nge7 4. 0-0 a6 5. Ba4 b5 6. Bb3 d5 7. exd5 Nxd5 8. Re1 Bg4 9. h3 Bh5 10. g4 Nf4 11. Kh2 Bd6 12. d4 0-0 13. Bxf4 Qf6 14. Bg3 e4 15. gxh5 Bxg3+ 16. fxg3 exf3 17. Nc3 Nxd4 18. Nd5 Qg5 19. Qxd4 Rad8 20. Rad1 Rfe8 21. Ne7+ 1-0

[Event "St Petersburg Blockade op"]
[Site "St Petersburg"]
[Date "2013.01.10"]
[Round "8"]
[White "Biyachuev, Minkail"]
[Black "Yun, Vyacheslav"]
[Result "0-1"]
[WhiteElo "1501"]
[BlackElo "1626"]
[PlyCount "68"]
[EventDate "2013.01.03"]
[EventType "swiss"]
[EventRounds "9"]
[EventCountry "RUS"]
[SourceTitle "CBM 152 Extra"]
[Source "ChessBase"]
[SourceDate "2013.02.25"]
[SourceVersion "1"]
[SourceVersionDate "2013.02.25"]
[SourceQuality "1"]

1. e4 g6 2. d4 Bg7 3. Bc4 Nc6 4. Nf3 d6 5. 0-0 Nf6 6. Re1 Bg4 7. Bf4 Bxf3 8. gxf3 Nh5 9. Be3 Qd7 10. c3 Rf8 11. Nd2 f5 12. exf5 Qxf5 13. Bf1 Nd8 14. Qa4+ c6 15. Bg2 g5 16. Ne4 g4 17. Bg5 Ne6 18. Qb3 Rd8 19. Qxb7 Rf7 20. Qxc6+ Kf8 21. fxg4 Qxg4 22. Be3 Nhf4 23. Ng3 Ng5 24. Bxf4 Qxf4 25. Rf1 Qg4 26. f3 Qf4 27. Qc7 Qe3+ 28. Kh1 Re8 29. Qxa7 Qd2 30. b4 Qxc3 31. Rab1 Bxd4 32. Qa5 Nxf3 33. Bxf3 Rxf3 34. Rxf3+ Qxf3# 0-1

[Event "St Petersburg Blockade op"]
[Site "St Petersburg"]
[Date "2013.01.09"]
[Round "7"]
[White "Biyachuev, Minkail"]
[Black "Penkov, Aleksey"]
[Result "0-1"]
[WhiteElo "1501"]
[BlackElo "1945"]
[PlyCount "72"]
[EventDate "2013.01.03"]
[EventType "swiss"]
[EventRounds "9"]
[EventCountry "RUS"]
[SourceTitle "CBM 152 Extra"]
[Source "ChessBase"]
[SourceDate "2013.02.25"]
[SourceVersion "1"]
[SourceVersionDate "2013.02.25"]
[SourceQuality "1"]

1. e4 d5 2. exd5 Nf6 3. Nc3 Nxd5 4. Bc4 Be6 5. Nxd5 Bxd5 6. Bxd5 Qxd5 7. f3 Nc6 8. Ne2 0-0-0 9. d3 e6 10. 0-0 Bc5+ 11. Kh1 h5 12. Nc3 Qf5 13. Ne4 Bb6 14. Qe2 Qg6 15. c3 e5 16. Be3 f5 17. Bxb6 axb6 18. Nf2 Rhe8 19. b4 Re6 20. a4 Ne7 21. a5 Nd5 22. Qc2 Ne3 23. g3 Nxc2 24. Ra2 Ne3 25. Re1 f4 26. Ne4 Rxd3 27. axb6 cxb6 28. Ra8+ Kc7 29. Rea1 fxg3 30. hxg3 Qf5 31. Kh2 Qxf3 32. R8a2 Qxe4 33. Rf2 Ng4+ 34. Kg1 Rxg3+ 35. Kf1 Qd3+ 36. Re2 Rf6+ 0-1

[Event "St Petersburg Blockade op"]
[Site "St Petersburg"]
[Date "2013.01.04"]
[Round "2"]
[White "Ivanov, Artem"]
[Black "Biyachuev, Minkail"]
[Result "1-0"]
[WhiteElo "1920"]
[BlackElo "1501"]
[PlyCount "63"]
[EventDate "2013.01.03"]
[EventType "swiss"]
[EventRounds "9"]
[EventCountry "RUS"]
[SourceTitle "CBM 152 Extra"]
[Source "ChessBase"]
[SourceDate "2013.02.25"]
[SourceVersion "1"]
[SourceVersionDate "2013.02.25"]
[SourceQuality "1"]

1. e4 e5 2. Nc3 Nf6 3. Bc4 Bc5 4. d3 h6 5. f4 d6 6. f5 c6 7. Qf3 Qb6 8. Nge2 Na6 9. Bb3 Nb4 10. Na4 Qc7 11. Nxc5 dxc5 12. Qg3 Rg8 13. Bd2 Bd7 14. Bc3 0-0-0 15. Bxe5 Qa5 16. Bc3 Qb6 17. a3 Na6 18. 0-0-0 Be8 19. Bxf6 Rd7 20. Bc3 g5 21. Qe1 Qc7 22. Ng3 Re7 23. Nh5 Bd7 24. Bf6 Re5 25. Qc3 c4 26. Bxe5 Qb6 27. Bxc4 Qe3+ 28. Kb1 Qe2 29. Nf6 Rf8 30. Nxd7 Kxd7 31. Qd4+ Ke8 32. Bf6 1-0

[Event "Chigorin Memorial 20th"]
[Site "St Petersburg"]
[Date "2012.10.28"]
[Round "2"]
[White "Biyachuev, Minkail"]
[Black "Gantsevich, Aleksei"]
[Result "0-1"]
[WhiteElo "1574"]
[BlackElo "2046"]
[PlyCount "102"]
[EventDate "2012.10.27"]
[EventType "swiss"]
[EventRounds "9"]
[EventCountry "RUS"]
[SourceTitle "EXT 2013"]
[Source "ChessBase"]
[SourceDate "2012.11.22"]
[SourceVersion "1"]
[SourceVersionDate "2012.11.22"]
[SourceQuality "1"]

1. e4 d6 2. Nf3 Nf6 3. Nc3 g6 4. d4 Bg7 5. Bc4 0-0 6. Be3 c6 7. 0-0 b5 8. Bb3 b4 9. e5 Ng4 10. Ne4 dxe5 11. h3 Nxe3 12. fxe3 exd4 13. exd4 Bf5 14. Nc5 Nd7 15. Nxd7 Qxd7 16. Ne5 Bxe5 17. dxe5 Qc7 18. Qe1 c5 19. Qg3 e6 20. Bc4 Rad8 21. Rad1 Rxd1 22. Rxd1 Rd8 23. Rd6 f6 24. Rxd8+ Qxd8 25. exf6 Kf7 26. c3 Qxf6 27. Qc7+ Qe7 28. Qa5 Be4 29. cxb4 cxb4 30. Qe5 Bd5 31. Qf4+ Kg7 32. Qe5+ Kh6 33. Bb3 Qg5 34. Qe2 Bxb3 35. axb3 Qc1+ 36. Kh2 Qf4+ 37. Kg1 e5 38. Qc4 a5 39. Qc5 Qd4+ 40. Qxd4 exd4 41. Kf2 Kg5 42. g3 Kf5 43. g4+ Ke4 44. Ke2 g5 45. Ke1 Kd3 46. Kd1 h6 47. h4 gxh4 48. g5 hxg5 49. Kc1 h3 50. Kb1 h2 51. Ka2 Kc2 0-1